Незримое звено, Избранные стихотворения и поэмы

Dettagli Bibliografici
Autore principale: Е. Ф. Сабуров
Altri autori: Т. Сабурова (220), М. Айзенберг
Riassunto:Книга находится в премиум-версии платформы «Русский как иностранный».
Евгений Федорович Сабуров (1946-2009) начинал свою литературную деятельность как автор московской неофициальной культуры и еще в 70-х годах стал заметной, признанной фигурой этого круга. Его стихи и статьи публиковались в зарубежных журналах, а в отечественной периодике начали появляться только в конце 80-х. В те же годы активизировалась деятельность Сабурова и в других областях (экономика, политика, образование), но не теряет интенсивности и стиховая работа. Поэзия Сабурова, новаторская по своей сути, способная захватывать тонкую ткань новых ощущений, постоянно меняется, и в последние десятилетия его лирика подспудно развивает возможности перехода к эпической и драматической формам. Настоящее издание - пятая книга стихов Евгения Сабурова (и первая, составленная без участия автора). На данный момент это самое полное собрание его поэтических произведений, многие из которых ранее не публиковались.
Pubblicazione: Москва, Новое издательство, 2012
Soggetti:
Accesso online:Перейти к просмотру издания
Natura: MixedMaterials Elettronico

MARC

LEADER 00000 a2200000 4500
001 RU/ROS-EDU.RU/49456
856 4 |u https://www.ros-edu.ru/book?id=49456  |z Перейти к просмотру издания 
010 |a 978-5-98379-163-3 
100 |a 20120101d2012 |||y0rusy0250  
105 |a y z 000zy 
101 0 |a rus 
102 |a RU 
200 1 |a Незримое звено  |b Электронный ресурс  |e Избранные стихотворения и поэмы  |f Е. Ф. Сабуров  |g сост.: Т. Сабурова, М. Айзенберг 
700 1 |b Е. Ф.  |a Сабуров  |4 070 
702 1 |b Т.  |a Сабурова  |4 220 
702 1 |b М.  |a Айзенберг  |4 220 
330 |a Евгений Федорович Сабуров (1946-2009) начинал свою литературную деятельность как автор московской неофициальной культуры и еще в 70-х годах стал заметной, признанной фигурой этого круга. Его стихи и статьи публиковались в зарубежных журналах, а в отечественной периодике начали появляться только в конце 80-х. В те же годы активизировалась деятельность Сабурова и в других областях (экономика, политика, образование), но не теряет интенсивности и стиховая работа. Поэзия Сабурова, новаторская по своей сути, способная захватывать тонкую ткань новых ощущений, постоянно меняется, и в последние десятилетия его лирика подспудно развивает возможности перехода к эпической и драматической формам. Настоящее издание - пятая книга стихов Евгения Сабурова (и первая, составленная без участия автора). На данный момент это самое полное собрание его поэтических произведений, многие из которых ранее не публиковались. 
210 |a Москва  |c Новое издательство  |d 2012 
610 1 |a незримое звено 
610 1 |a избранное стихотворение 
610 1 |a поэма 
610 1 |a книга стихов 
610 1 |a Евгений Сабуров 
675 |a 821.161 
686 |a 84(2Рос=Рус)  |2 rubbk 
300 |a Книга находится в премиум-версии платформы «Русский как иностранный». 
215 |a 506 с.